000 00613nam a2200205Ia 4500
003 OSt
005 20230427092211.0
008 210423s2007 xx 000 0 und d
020 _a81309106775
040 _cAL
041 _aeng
082 _a820.9 BLOV
_223
100 _aBLOOM (Harold),Ed.
_993671
245 _aViva modern critical interpretations Harper Lee''s to kill a mockingbird.
260 _aNew Delhi
_bViva Books Pvt Ltd
_c2007
300 _avii,205
_bPB
365 _b125
_cINR
906 _acritical ; Harper ; interpretations ; kill ; Lee''s ; mockingbird. ; modern ; Viva
942 _2ddc
_cBK
999 _c161734
_d161734